Normal view MARC view
  • Masschelein, Jan

Entry Nombre Personal

Number of records used in: 2

001 - NUMERO DE CONTROL

  • campo de control: 53542

003 - IDENTIFICADOR DE NUMERO DE CONTROL

  • campo de control: DLC

005 - FECHA Y HORA DE LA ÜLTIMA TRANSACCIÓN

  • campo de control: 20240911152453.0

008 - DATOS DE LONGITUD FIJA

  • campo de control de longitud fija: 240911|| aca||aabn | a|a d

010 ## - NÚMERO DE CONTROL DE LA BIBLIOTECA DEL CONGRESO

  • Número de control LC: n 95090003

035 ## - NUMERO DE CONTROL

  • Número de control: (DLC)n 95090003

040 ## - FUENTE DE CATALOGACIÓN

  • Agencia original de catalogación: DLC
  • Lenguaje de catalogación: spa
  • Agencia de transcripción: DLC
  • Agencia que lo modifica: MX-MxUPN

100 1# - ENCABEZAMIENTO - NOMBRE PERSONAL

  • Nombre personal: Masschelein, Jan

670 ## - FUENTE EN LA QUE SE LOCALIZARON DATOS

  • Cita de la fuente: Autoridades LC, 11 septiembre 2024 :
  • Información localizada: (Masschelein, Jan)
  • Uniform Resource Identifier: https://lccn.loc.gov/n95090003

902 ## - CATALOGADOR

  • Catalogador: MaríaRobles/110924